00664nam a2200169Ia 4500008004000000020001800040082001500058100002200073245008000095260004000175300000800215650005700223690001200280906001100292999001900303952017200322210210b2001 xxu||||| |||| 00| 0 eng d a81 7764 167 0 a574.5 SHAW aSHARMA (Subhash). aWhy people protest: an analysis of ecological movements in the third world. aNew Delhi.bAllied Publishersc2001 a278 aEcological Movements Chipko, Silent Valley Narmada  aEcology a056748 c104446d104446 001040708BiologyaALbALcBiologyd2021-02-17eHigginbothams (P) Ltd., Mangalore-01.g250.00l1o574.5 SHAWp056748r2022-04-09 00:00:00s2022-03-22w2021-02-17yBK